00646cpcaa2200217 4500001001300000003000400013005001700017008004100034010001700075040002400092072001200116100003800128245003800166300001300204506002200217545003600239546003600275580005700311656004300368999001700411mm 83001636 DLC20260227111718.0830512|||||||||||| eng  amm 83001636  aDLCcDLCedacsdDLC 7aW2lcmd1 aBell, James B.,cpublic official.00aJames B. Bell appointment,f1873. a1fitem.0 aOpen to research.0 aPublic official of Mississippi. aCollection material in English. aForms part of: Miscellaneous Manuscripts collection. 7aPublic officialszMississippi.2itoamc c43853d43853